The Palestinians
| Main Author: | |
|---|---|
| Format: | Book |
| Published: |
Philadelphia :
Mason Crest Publishers ,
2004
|
| Series: | Modern Middle East nations and their strategic place in the world
|
| Subjects: |
MARC
| LEADER | 00000cam a2200000 7i4500 | ||
|---|---|---|---|
| 001 | 0000015254 | ||
| 005 | 20080402.0 | ||
| 008 | 080321 | ||
| 020 | |a 1590845137 | ||
| 090 | 0 | 0 | |a 956.953 |b CAR |
| 100 | 1 | |a Carew-Miller, Anna | |
| 245 | 1 | 4 | |a The Palestinians |c Anna Carew-Miller |
| 260 | |a Philadelphia : |b Mason Crest Publishers , |c 2004 | ||
| 440 | |a Modern Middle East nations and their strategic place in the world | ||
| 650 | 0 | |a Palestine |x Juvenile literature | |
| 650 | 0 | |a Palestinian Arabs |x Juvenile literature | |
| 999 | |a 0001016815 |b Book |c REFERENCE |e Perbadanan Perpustakaan Awam Johor | ||